00646nam a22001937a 4500003001200000005001700012008004100029020001500070040001200085082001200097100001900109245005900128260004400187300001300231650003900244942001200283999001700295952014000312NUST - PNEC20170116180822.0150625b xxu||||| |||| 00| 0 eng d a0471997552 cLIBRARY a512 WAL 94194aWait, R. aThe numerical solution of algebraic equationscR. Wait aNew yorkbJohn Wiley & Sons Ltdcc1979. a155 p. : 94195aNumerical solutionsxGeneral 2ddccBK c63786d63786 00102ddc4070aPNECbPNECcWING-Ad0000-00-00eDonated by Lt Riazg0.00l0o512 WALpPNECLIB-016990r2015-06-25v0.00w0000-00-00yBK